banner-ar

جماليات التراث الشعبى لملابس النساء فى دولة الامارات العربية المتحدة / (Record no. 61052)

MARC details
000 -الفاتح
حقل البيانات ثابتة الطول 01201nam a22002537a 4500
005 - وقت وتاريخ اخر تعامل مع التسجيلة
رقم الضبط 20240530110441.0
008 - عناصر البيانات ثابتة الطول - معلومات عامة
حقل البيانات ثابتة الطول 150420s2011 ua a g 000 0 ara d
017 ## - رقم الايداع القانونى
رقم الايداع القانونى 2010/19140
المصدر ( الهيئة المختصة) مصر . دار الكتب المصرية
020 ## - الرقم الدولى المعيارى للكتب
الرقم الدولى المعيارى للكتاب 9772328003
040 ## - مصدر الفهرسة
وكالة الفهرسة الأصلية EG-CaGPL
082 04 - رقم تصنيف ديوى العشرى
رقم الطبعة 21
رقم التصنيف 391.2\
رقم المادة م ج
100 0# - المدخل الرئيسى - إسم شخصى
الإسم الشخصى منى عزت حامد عبدالعزيز .
245 10 - بيان العنوان
العنوان جماليات التراث الشعبى لملابس النساء فى دولة الامارات العربية المتحدة /
بيان المسئوليه,etc منى عزت حامد عبدالعزيز ؛ مراجعة سلوى هنرى جرجس ، نجوى حسين حجازى .
250 ## - بيان الطبعة
بيان الطبعة ط1.
260 ## - PUBLICATION, DISTRIBUTION, ETC. (IMPRINT)
تاريخ النشر أو التوزيع 2011 .
300 ## - الوصف المادى
التعداد 208 ص ؛
أبعاد الوعاء 24 سم.
650 04 - المدخل الاضافى بالموضوع-مصطلح موضوعى
مصطلح موضوعي الازياء الشعبية
650 04 - المدخل الاضافى بالموضوع-مصطلح موضوعى
مصطلح موضوعي النساء
التقسيم الفرعي العام ملابس
-- عادات وتقاليد
التقسيم الفرعي الجغرافي الامارات العربية المتحدة.
650 04 - المدخل الاضافى بالموضوع-مصطلح موضوعى
مصطلح موضوعي الملابس
التقسيم الفرعي العام عادات وتقاليد
التقسيم الفرعي الجغرافي الامارات العربية المتحدة.
700 0# - المدخل الاضافى - اسم شخصى
الإسم الشخصى سلوى هنرى جرجس
الدور مراجع
700 0# - المدخل الاضافى - اسم شخصى
الإسم الشخصى نجوى حسين حجازى
الدور مراجع
942 ## - عناصر المدخل الإضافي( كوها)
مصدر التصنيف او مخطط الترفيف Dewey Decimal Classification
Koha [default] item type كتاب
260 ## - PUBLICATION, DISTRIBUTION, ETC. (IMPRINT)
-- القاهرة :
-- دار الكتب ،
Holdings
حالة التراجع حالة الفقد حالة تلف ليس للاعارة المكان المؤقت الموقع الحالى تاريخ الاكتساب اجمالي اﻻعارات رقم الطلب الباركود تاريخ اخر مشاهدة تاريخ تفعيل السعر نوع وعاء كوها
        مكتبة القاهرة الكبرى مكتبة القاهرة الكبرى 04/20/2015   391.2\ م ج 160266 04/20/2015 04/20/2015 كتاب

Powered By

EGPV